الأحزاب والحضارة السياسية بين المثال والاتجاهات الواقعية في الأردن / (رقم التسجيلة. 110012)
[ عرض عادي ]
| 000 -الفاتح | |
|---|---|
| عناصر البيانات ثابتة الطول | 00745cam a2200193 i 4500 |
| 005 - تاريخ ووقت آخر معاملة | |
| حقل ضبط | 20260118122217.0 |
| 008 - عناصر البيانات ثابتة الطول | |
| عناصر البيانات ثابتة الطول | 250721s2007 jo gr 000 0 ara d |
| 020 ## - الترقيم الدولي المعياري للكتب (ردمك) | |
| الترقيم الدولي المعياري للكتب (ردمك) | 978995702291 |
| 082 14 - رقم تصنيف ديوي العشري | |
| رقم التصنيف | 324.29565 |
| رقم المادة | ح د ا |
| 100 1# - مدخل رئيسي – اسم شخصي | |
| الاسم الشخصي | حداد، مهنا يوسف |
| علاقة الشخص بالعمل/ دوره | مؤلف. |
| 245 12 - بيان العنوان | |
| العنوان | الأحزاب والحضارة السياسية بين المثال والاتجاهات الواقعية في الأردن / |
| بيان المسؤولية | أ.د. مهنا يوسف حداد. |
| 250 ## - بيان الطبعة | |
| بيان الطبعة | الطبعة الأولى. |
| 264 31 - بيانات النشر، التوزيع…إلخ | |
| مكان النشر، التوزيع...إلخ | عمان : |
| اسم الناشر، الموزع...إلخ | دار مجدلاوي للنشر و التوزيع، |
| تاريخ النشر، التوزيع...إلخ | 2007. |
| 300 ## - الوصف المادي | |
| عدد الوحدات المكونة للوعاء | 300 صفحة. |
| 650 17 - مدخل إضافي بالموضوع - مصطلح موضوعي | |
| مصطلح موضوعي أو اسم جغرافي كعنصر مدخل | الأحزاب السياسية. |
| 650 17 - مدخل إضافي بالموضوع - مصطلح موضوعي | |
| مصطلح موضوعي أو اسم جغرافي كعنصر مدخل | الأردن. |
| 942 ## - بيانات إضافية (كوها) | |
| نوع التنصيف | Dewey Decimal Classification |
| نوع المادة (كوها) | كتب |
| حالة السحب | حالة الفقدان | مصدر التصنيف | حالة التلف | غير قابل للإعارة | المكتبة الرئيسية | المكتبة الحالية | موقع الرف | تاريخ التزويد | الرقم المتسلسل | Total Checkouts | رقم الإستدعاء | الباركود | تاريخ آخر ظهور | تاريخ الفاتورة | نوع المادة (كوها) |
|---|---|---|---|---|---|---|---|---|---|---|---|---|---|---|---|
| Dewey Decimal Classification | المكتبة المركزية | المكتبة المركزية | الإعارة | 28/07/2025 | 1146059 | 324.29565 / ح د ا | 1146059 | 28/07/2025 | 28/07/2025 | كتب | |||||
| Dewey Decimal Classification | مكتبة أبو علندا العامة | مكتبة أبو علندا العامة | الإعارة | 28/07/2025 | 1146070 | 324.29565/حدا | 1146070 | 28/07/2025 | 28/07/2025 | كتب | |||||
| Dewey Decimal Classification | مكتبة الأميرة ايمان العامة | مكتبة الأميرة ايمان العامة | الإعارة | 28/07/2025 | 1146061 | 324.29565/حدا | 1146061 | 28/07/2025 | 28/07/2025 | كتب | |||||
| Dewey Decimal Classification | مكتبة الاميرة بديعة | مكتبة الاميرة بديعة | الإعارة | 28/07/2025 | 1146064 | 324.29565/حدا | 1146064 | 28/07/2025 | 28/07/2025 | كتب | |||||
| Dewey Decimal Classification | مكتبة الجويدة | مكتبة الجويدة | الإعارة | 28/07/2025 | 1146065 | 324.29565/حدا | 1146065 | 28/07/2025 | 28/07/2025 | كتب | |||||
| Dewey Decimal Classification | مكتبة الحسن العامة | مكتبة الحسن العامة | الإعارة | 28/07/2025 | 1146066 | 324.29565/حدا | 1146066 | 28/07/2025 | 28/07/2025 | كتب | |||||
| Dewey Decimal Classification | مكتبة النصر العامة | مكتبة النصر العامة | الإعارة | 28/07/2025 | 1146072 | 324.29565/حدا | 1146072 | 28/07/2025 | 28/07/2025 | كتب | |||||
| Dewey Decimal Classification | مكتبة حمزة العامة | مكتبة حمزة العامة | الإعارة | 28/07/2025 | 1146067 | 324.29565/حدا | 1146067 | 28/07/2025 | 28/07/2025 | كتب | |||||
| Dewey Decimal Classification | مكتبة صويلح العامة | مكتبة صويلح العامة | الإعارة | 28/07/2025 | 1146062 | 324.29565/حدا | 1146062 | 28/07/2025 | 28/07/2025 | كتب | |||||
| Dewey Decimal Classification | مكتبة مرج الحمام | مكتبة مرج الحمام | الإعارة | 28/07/2025 | 1146077 | 324.29565/حدا | 1146077 | 28/07/2025 | 28/07/2025 | كتب | |||||
| Dewey Decimal Classification | مكتبة وادي السير العامة | مكتبة وادي السير العامة | الإعارة | 28/07/2025 | 1146071 | 324.29565/حدا | 1146071 | 28/07/2025 | 28/07/2025 | كتب |